| 000 | 00902cam a22002413a 4500 | ||
|---|---|---|---|
| 001 | 386 | ||
| 003 | PGUSA | ||
| 005 | 20140828082947.0 | ||
| 008 | 960101s1996||||xxu|||||s|||||000 e eng d | ||
| 040 |
_aPGUSA _beng |
||
| 042 | _adc | ||
| 050 | 4 | _aPR | |
| 100 | 1 |
_aStevenson, Robert Louis, _d1850-1894 |
|
| 245 | 1 | 0 |
_aVirginibus Puerisque, and Other Papers _h[electronic resource] / _cRobert Louis Stevenson |
| 260 |
_bProject Gutenberg, _c1996 |
||
| 505 | 0 | _a"Virginibus puerisque" -- Crabbed age and youth -- An apology for idlers -- Ordered South -- Æs triplex -- El Dorado -- The English admirals -- Some portraits by Raeburn -- Child's play -- Walking tours -- Pan's pipes -- A plea for gas lamps. | |
| 506 | _aPublic domain in the USA. | ||
| 516 | _aElectronic text | ||
| 653 | _aEssays | ||
| 830 | 0 |
_aProject Gutenberg _v386 |
|
| 856 | 4 | 0 | _uhttp://www.gutenberg.org/ebooks/386 |
| 942 | _cEB | ||
| 999 |
_c229737 _d229737 |
||